Statistics for Historical Timeline of Germany

Click here to take the quiz!

General Stats

  • This quiz has been taken 122 times
  • The average score is 20 of 28

Answer Stats

YearHintAnswer% Correct
1949E___ GermanyEast Germany
96%
1949W___ GermanyWest Germany
96%
1871G_____ EmpireGerman Empire
96%
1867North G_____ ConfederationNorth German Confederation
96%
1933N___ GermanyNazi Germany
94%
Electorate of Ba_____Electorate of Bavaria
90%
Kingdom of Ba_____Kingdom of Bavaria
90%
843East F______East Francia
90%
481F______Francia
90%
Duchy of Ba_____Duchy of Bavaria
90%
Kingdom of Pr_____Kingdom of Prussia
88%
1919W_____ RepublicWeimar Republic
88%
1945A_____-Occupied GermanyAllied-Occupied Germany
86%
Free City of H______Free City of Hamburg
81%
Duchy of Sa____Duchy of Saxony
80%
Free City of F________Free City of Frankfurt
78%
1806Confederation of the R____Confederation of the Rhine
66%
1058Duchy of Schles___Duchy of Schleswig
62%
Electorate of Co_____Electorate of Cologne
59%
Duchy of Swa___Duchy of Swabia
57%
Margraviate of Br_________Margraviate of Brandenburg
50%
Kingdom of Wu_________Kingdom of Wurttemberg
44%
Duchy of Wu_________Duchy of Wurttemberg
44%
Grand Duchy of H____Grand Duchy of Hesse
41%
Electoral Pal_______Electoral Palatinate
41%
Grand Duchy of B____Grand Duchy of Baden
37%
Duchy of Fran_____Duchy of Franconia
33%
Duchy of Be__Duchy of Berg
14%

Score Distribution

Percentile by Number Answered

Percent of People with Each Score

Your Score History

You have not taken this quiz